[Event "Campos Migjorn op"]
[Site "Campos"]
[Date "2016.09.10"]
[Round "2"]
[White "Llado Jaume, Jaume"]
[Black "Pomar Mir, Francisco"]
[Result "1/2-1/2"]
[WhiteElo "1632"]
[BlackElo "1777"]
[PlyCount "104"]
[EventDate "2016.09.09"]
[EventType "swiss"]
[EventRounds "8"]
[EventCountry "ESP"]
[SourceTitle "EXT 2017"]
[Source "ChessBase"]
[SourceDate "2016.10.25"]
[SourceVersion "1"]
[SourceVersionDate "2016.10.25"]
[SourceQuality "1"]

1. d4 c5 2. Nf3 Nf6 3. Bg5 cxd4 4. Qxd4 Nc6 5. Qa4 d6 6. c3 Bd7 7. Qc2 Rc8 8. a3 Qa5 9. Bxf6 gxf6 10. Nbd2 Ne5 11. Nxe5 fxe5 12. e3 d5 13. b4 Qc7 14. Rc1 d4 15. exd4 exd4 16. c4 Qe5+ 17. Qe4 Bg7 18. f4 Qxe4+ 19. Nxe4 b6 20. Rg1 Bc6 21. Nd2 e5 22. fxe5 Bxe5 23. g3 h5 24. Bg2 h4 25. b5 Bxg2 26. Rxg2 hxg3 27. hxg3 d3 28. Kf2 f6 29. a4 Kf7 30. Ke3 Rcd8 31. Kf3 Bb2 32. Rb1 Bc3 33. Rd1 Rhe8 34. Ne4 Bb4 35. Rh2 Rd4 36. Rh4 Red8 37. Rh7+ Kg6 38. Rc7 d2 39. Rc6 Be7 40. Ke3 Rd3+ 41. Ke2 Kf5 42. Rxd2 Kxe4 43. Rxd3 Rxd3 44. Re6+ Kf5 45. Rxe7 Rxg3 46. Rxa7 Rc3 47. a5 bxa5 48. b6 Rxc4 49. Rxa5+ Ke4 50. Rb5 Rc2+ 51. Kd1 Rc8 52. b7 Rb8 1/2-1/2

[Event "Mallorca-chT Primera"]
[Site "Palma de Mallorca"]
[Date "2012.03.24"]
[Round "8.4"]
[White "Marti Mascaro, Juan"]
[Black "Pomar Mir, Francisco"]
[Result "1/2-1/2"]
[WhiteElo "2028"]
[BlackElo "1939"]
[PlyCount "111"]
[EventDate "2012.01.28"]
[EventType "team"]
[EventRounds "9"]
[EventCountry "ESP"]
[SourceTitle "EXT 2014"]
[Source "ChessBase"]
[SourceDate "2013.11.20"]
[SourceVersion "1"]
[SourceVersionDate "2013.11.20"]
[SourceQuality "1"]

1. d4 e6 2. Nf3 Nf6 3. Bg5 c5 4. c3 cxd4 5. Bxf6 Qxf6 6. cxd4 Bb4+ 7. Nc3 0-0 8. e4 d6 9. a3 Bxc3+ 10. bxc3 e5 11. d5 Bg4 12. Be2 Nd7 13. 0-0 Nc5 14. Nd2 Bxe2 15. Qxe2 Rac8 16. Rfc1 Qe7 17. Rab1 f5 18. f3 fxe4 19. Nxe4 Nxe4 20. fxe4 Qc7 21. Qe3 b6 22. c4 Qc5 23. Qxc5 Rxc5 24. Rb5 Rfc8 25. Rxc5 Rxc5 26. a4 a6 27. Rb1 Rxc4 28. Rxb6 Rxa4 29. Rxd6 Rxe4 30. Rxa6 Rd4 31. d6 h6 32. Kf2 Kh7 33. h3 Kg8 34. g4 Kh7 35. Kf3 Rf4+ 36. Ke3 Rd4 37. h4 Rxg4 38. Ra2 Rb4 39. d7 Rb8 40. Ke4 Rd8 41. Rd2 Kg6 42. Kxe5 Kh5 43. Rd4 g5 44. hxg5 Kxg5 45. Ke6 h5 46. Ke7 Rxd7+ 47. Kxd7 h4 48. Ke6 h3 49. Rd8 Kg4 50. Ke5 h2 51. Rh8 Kg3 52. Ke4 Kg2 53. Rg8+ Kh1 54. Ra8 Kg2 55. Rg8+ Kh1 56. Rh8 1/2-1/2

[Event "Mallorca-chT Primera"]
[Site "Palma de Mallorca"]
[Date "2012.02.18"]
[Round "3.5"]
[White "Pomar Mir, Francisco"]
[Black "Nadal Bestard, Sebastian"]
[Result "0-1"]
[WhiteElo "1939"]
[BlackElo "1798"]
[PlyCount "144"]
[EventDate "2012.01.28"]
[EventType "team"]
[EventRounds "9"]
[EventCountry "ESP"]
[SourceTitle "EXT 2014"]
[Source "ChessBase"]
[SourceDate "2013.11.20"]
[SourceVersion "1"]
[SourceVersionDate "2013.11.20"]
[SourceQuality "1"]

1. d4 d5 2. c4 e6 3. Nf3 Nf6 4. Bg5 Nbd7 5. Nc3 c6 6. e3 Qa5 7. c5 b6 8. Qa4 Qxa4 9. Nxa4 Ne4 10. Bd3 Nxg5 11. Nxg5 h6 12. Nf3 bxc5 13. dxc5 Nxc5 14. Nxc5 Bxc5 15. Rc1 Bb4+ 16. Ke2 Bb7 17. a3 Bd6 18. b4 Ke7 19. Nd4 Rhc8 20. Nb3 Rc7 21. Nc5 Bc8 22. Na6 Bxa6 23. Bxa6 c5 24. bxc5 Bxc5 25. Rc2 Rb8 26. Rhc1 Kd6 27. Rc3 Rb2+ 28. Kf3 e5 29. a4 f5 30. g3 g5 31. R1c2 Rb6 32. Bb5 a6 33. Be2 h5 34. Kg2 h4 35. gxh4 gxh4 36. Kh3 Rb4 37. Bxa6 Rxa4 38. Bd3 f4 39. Bf5 fxe3 40. fxe3 d4 41. exd4 exd4 42. Rc4 Rxc4 43. Rxc4 Ke5 44. Bd3 Kf4 45. Kxh4 Ke3 46. Bf1 d3 47. Bxd3 Kxd3 48. Rg4 Rh7+ 49. Kg5 Rxh2 50. Kf5 Rh3 51. Ke6 Rh5 52. Ra4 Bd4 53. Kd6 Ke4 54. Ke6 Rh6+ 55. Kd7 Kd5 56. Ra5+ Bc5 57. Ra1 Rh7+ 58. Ke8 Bd6 59. Rd1+ Ke6 60. Re1+ Be5 61. Rf1 Re7+ 62. Kd8 Ra7 63. Rc1 Ra8+ 64. Rc8 Ra7 65. Rc1 Bg3 66. Rc6+ Bd6 67. Rc2 Be7+ 68. Kc8 Kd6 69. Kb8 Ra4 70. Rd2+ Kc6 71. Rc2+ Bc5 72. Rc1 Rg4 0-1

[Event "Mallorca-chT Primera"]
[Site "Palma de Mallorca"]
[Date "2012.02.11"]
[Round "2.1"]
[White "Fullana Benito, David"]
[Black "Pomar Mir, Francisco"]
[Result "1/2-1/2"]
[WhiteElo "1812"]
[BlackElo "1939"]
[PlyCount "205"]
[EventDate "2012.01.28"]
[EventType "team"]
[EventRounds "9"]
[EventCountry "ESP"]
[SourceTitle "EXT 2014"]
[Source "ChessBase"]
[SourceDate "2013.11.20"]
[SourceVersion "1"]
[SourceVersionDate "2013.11.20"]
[SourceQuality "1"]

1. d4 e6 2. c4 Nf6 3. Nc3 Bb4 4. Qc2 c5 5. Nf3 Nc6 6. dxc5 Qa5 7. Bd2 0-0 8. e3 Qxc5 9. a3 Bxc3 10. Bxc3 Qe7 11. Bd3 h6 12. b4 d6 13. Rd1 e5 14. b5 Nd8 15. Be4 Nxe4 16. Qxe4 f5 17. Qd5+ Nf7 18. Nxe5 dxe5 19. Bb4 Qe6 20. Bxf8 Qxd5 21. Rxd5 Kxf8 22. Ke2 b6 23. f3 Be6 24. Rc1 Rc8 25. Rd2 Rxc4 26. Rdc2 Nd6 27. Kd3 Rxc2 28. Rxc2 Nxb5 29. a4 Nd6 30. Rc7 Nc8 31. f4 exf4 32. exf4 a6 33. Kd4 Ne7 34. Ke5 Bb3 35. Kd6 Nd5 36. Rc8+ Kf7 37. g3 Nf6 38. Rc6 Bxa4 39. Rxb6 Bb5 40. Rb7+ Nd7 41. h3 Kg6 42. Kd5 Nf6+ 43. Ke5 Bf1 44. Ra7 Bxh3 45. Rxa6 Kh7 46. Ra7 Ne4 47. Ra6 Bg4 48. Ra3 Nd2 49. Kd4 Nf3+ 50. Ke3 h5 51. Ra1 g5 52. Ra7+ Kg6 53. Ra6+ Kf7 54. fxg5 Nxg5 55. Kf4 Ne4 56. Rh6 Ke7 57. Ra6 Nc5 58. Rh6 Nd3+ 59. Ke3 Ne5 60. Kf4 Nf7 61. Ra6 Kf8 62. Ra7 Kg7 63. Rb7 Kf6 64. Rb6+ Ke7 65. Ra6 Bh3 66. Rg6 Bf1 67. Rb6 Bd3 68. Rg6 Be4 69. Rb6 Nd6 70. Kg5 Bf3 71. Ra6 Ke6 72. Kf4 Be4 73. Kg5 Bd3 74. Ra5 Be2 75. Kf4 Bd3 76. Re5+ Kd7 77. Rd5 Be4 78. Ra5 Kc6 79. Ra6+ Kc5 80. Ra4 Nb5 81. Ra6 Nc3 82. Ra5+ Nb5 83. Ra6 Nd4 84. Kg5 Bd3 85. Ra5+ Kb4 86. Ra8 Ne2 87. Kh4 Kc3 88. Rh8 Kd2 89. Rxh5 Ke3 90. Rh8 Kf2 91. Rg8 Be4 92. Rg7 Bf3 93. Rg5 Be4 94. Rg7 Ng1 95. Rg8 Nf3+ 96. Kh5 Kg2 97. g4 f4 98. Re8 Bd3 99. g5 Nh2 100. g6 f3 101. g7 Bc4 102. g8Q+ Bxg8 103. Rxg8+ 1/2-1/2

[Event "Calvia Veterans op 4th"]
[Site "Calvia"]
[Date "2007.10.19"]
[Round "5"]
[White "Forteza Valls, Jose Maria"]
[Black "Pomar Mir, Francisco"]
[Result "1/2-1/2"]
[WhiteElo "2119"]
[BlackElo "1970"]
[PlyCount "101"]
[EventDate "2007.10.15"]
[EventType "swiss"]
[EventRounds "9"]
[EventCountry "ESP"]
[SourceTitle "CBM 120 Extra"]
[Source "ChessBase"]
[SourceDate "2007.11.01"]
[SourceVersion "1"]
[SourceVersionDate "2007.11.01"]
[SourceQuality "1"]

1. Nf3 Nf6 2. c4 e6 3. Nc3 d5 4. e3 Be7 5. b3 c6 6. Bb2 Nbd7 7. Qc2 Qc7 8. d4 0-0 9. Bd3 Re8 10. 0-0 b6 11. Rac1 Ba6 12. Qd1 Rad8 13. a4 Qb8 14. e4 dxe4 15. Nxe4 Nxe4 16. Bxe4 c5 17. Qe2 Bb7 18. Bb1 Qa8 19. Ne5 Nxe5 20. Qxe5 Bf6 21. Qg3 Bxd4 22. Bxd4 Rxd4 23. f3 Red8 24. Rce1 R8d6 25. Re5 Qd8 26. Rh5 g6 27. Re5 Qh4 28. Qxh4 Rxh4 29. f4 Rd2 30. Be4 Bxe4 31. Rxe4 g5 32. Rf3 Rxf4 33. Rfxf4 gxf4 34. Rxf4 Rd3 35. Rf3 Rxf3 36. gxf3 Kg7 37. Kf2 Kf6 38. Ke3 Ke5 39. h3 h6 40. f4+ Kf5 41. Kf3 f6 42. Kg3 Ke4 43. Kg4 h5+ 44. Kxh5 Kxf4 45. Kg6 e5 46. h4 e4 47. h5 e3 48. h6 e2 49. h7 e1Q 50. h8Q Qe4+ 51. Kf7 1/2-1/2

[Event "Calvia Veterans op 4th"]
[Site "Calvia"]
[Date "2007.10.18"]
[Round "4"]
[White "Pomar Mir, Francisco"]
[Black "Russo, Carmelo"]
[Result "1-0"]
[WhiteElo "1970"]
[BlackElo "1702"]
[PlyCount "53"]
[EventDate "2007.10.15"]
[EventType "swiss"]
[EventRounds "9"]
[EventCountry "ESP"]
[SourceTitle "CBM 120 Extra"]
[Source "ChessBase"]
[SourceDate "2007.11.01"]
[SourceVersion "1"]
[SourceVersionDate "2007.11.01"]
[SourceQuality "1"]

1. e4 c6 2. d4 d5 3. Nd2 dxe4 4. Nxe4 Nd7 5. Nf3 Ngf6 6. Ng3 e6 7. Bd3 c5 8. 0-0 cxd4 9. Nxd4 Bc5 10. Nb3 Be7 11. Re1 0-0 12. Qe2 b6 13. Bd2 Bb7 14. Rad1 Qc7 15. Nd4 Nc5 16. Bf5 Qd6 17. Bg5 Qd5 18. Nf3 Qxa2 19. b3 Rfe8 20. Ra1 Qb2 21. Bd2 Bxf3 22. Qxf3 exf5 23. Bc3 Qxc2 24. Rxe7 Nfe4 25. Nxf5 Qxc3 26. Nh6+ gxh6 27. Qxf7+ 1-0

[Event "Calvia Veterans op 4th"]
[Site "Calvia"]
[Date "2007.10.17"]
[Round "3"]
[White "Suslin, Alexander"]
[Black "Pomar Mir, Francisco"]
[Result "1-0"]
[WhiteElo "2144"]
[BlackElo "1970"]
[PlyCount "93"]
[EventDate "2007.10.15"]
[EventType "swiss"]
[EventRounds "9"]
[EventCountry "ESP"]
[SourceTitle "CBM 120 Extra"]
[Source "ChessBase"]
[SourceDate "2007.11.01"]
[SourceVersion "1"]
[SourceVersionDate "2007.11.01"]
[SourceQuality "1"]

1. e4 e6 2. d4 d5 3. e5 c5 4. c3 Nc6 5. Nf3 Qb6 6. Be2 cxd4 7. cxd4 Nge7 8. Na3 Nf5 9. Nc2 Bb4+ 10. Kf1 Be7 11. b3 0-0 12. h4 f6 13. g4 Ng3+ 14. fxg3 fxe5 15. Kg2 e4 16. Ng5 Bd7 17. Be3 Bd6 18. Nxe4 dxe4 19. d5 Bc5 20. dxc6 Bxc6 21. Qg1 Rad8 22. Kh3 Bxe3 23. Qxe3 Rf2 24. Rad1 Rdf8 25. Qxb6 axb6 26. Rhe1 e5 27. Ne3 g6 28. a4 Kg7 29. Bc4 Rb2 30. Re2 Rxe2 31. Bxe2 Rf2 32. Re1 Bd7 33. Nd1 Rf6 34. Nc3 e3 35. Nd5 Rd6 36. Nxe3 h5 37. Rd1 Rd4 38. Rxd4 exd4 39. Nc2 d3 40. Bxd3 Bxg4+ 41. Kg2 Kf6 42. Be4 Bd1 43. Kf2 g5 44. Ke3 gxh4 45. gxh4 Ke6 46. Nd4+ Kd6 47. Bf3 1-0

[Event "Calvia Seniors op"]
[Site "Calvia"]
[Date "2006.10.27"]
[Round "8"]
[White "Pomar Mir, Francisco"]
[Black "Gomez Feria, Jose Maria"]
[Result "1-0"]
[WhiteElo "1996"]
[BlackElo "1973"]
[PlyCount "51"]
[EventDate "2006.10.20"]
[EventType "swiss"]
[EventRounds "9"]
[EventCountry "ESP"]
[SourceTitle "EXT 2007"]
[Source "ChessBase"]
[SourceDate "2006.11.23"]
[SourceVersion "1"]
[SourceVersionDate "2006.11.23"]
[SourceQuality "1"]

1. Nf3 c5 2. e4 d6 3. d4 cxd4 4. Nxd4 Nf6 5. Nc3 g6 6. f3 Bg7 7. Be3 0-0 8. Qd2 Nc6 9. 0-0-0 a6 10. g4 Be6 11. h4 h5 12. gxh5 Nxh5 13. Rg1 Nxd4 14. Bxd4 Qa5 15. Bxg7 Kxg7 16. Rg5 Qb6 17. Rxh5 gxh5 18. Qg5+ Kh7 19. Bd3 f5 20. Rg1 Qxg1+ 21. Qxg1 Rg8 22. Qd4 Raf8 23. exf5 Bxf5 24. Ne4 Rg2 25. Ng5+ Kg6 26. Ne6 1-0

[Event "Calvia Seniors op"]
[Site "Calvia"]
[Date "2006.10.23"]
[Round "4"]
[White "Pomar Mir, Francisco"]
[Black "Castan Sanclemente, Alejandro"]
[Result "0-1"]
[WhiteElo "1996"]
[BlackElo "1982"]
[PlyCount "53"]
[EventDate "2006.10.20"]
[EventType "swiss"]
[EventRounds "9"]
[EventCountry "ESP"]
[SourceTitle "EXT 2007"]
[Source "ChessBase"]
[SourceDate "2006.11.23"]
[SourceVersion "1"]
[SourceVersionDate "2006.11.23"]
[SourceQuality "1"]

1. c4 e5 2. Nc3 Nf6 3. g3 d5 4. cxd5 Nxd5 5. Bg2 Nxc3 6. bxc3 Bc5 7. Nf3 Nd7 8. 0-0 0-0 9. d4 exd4 10. cxd4 Bd6 11. Qc2 Re8 12. Bg5 f6 13. Bd2 c6 14. Rab1 Nb6 15. a4 Rxe2 16. Rxb6 axb6 17. Qc4+ Re6 18. Bh3 Qe7 19. Re1 Kf7 20. Bxe6+ Bxe6 21. d5 cxd5 22. Qh4 Kg8 23. a5 Qd7 24. Nd4 Bf7 25. axb6 Bc5 26. Rb1 Bg6 27. Rb2 0-1

[Event "ESP-ch Seniors"]
[Site "Mallorca"]
[Date "2004.10.17"]
[Round "6"]
[White "Sarto Ramos, Angel"]
[Black "Pomar Mir, Francisco"]
[Result "1-0"]
[WhiteElo "2090"]
[BlackElo "1960"]
[PlyCount "49"]
[EventDate "2004.10.12"]
[EventType "swiss"]
[EventRounds "9"]
[EventCountry "ESP"]
[SourceTitle "EXT 2005"]
[Source "ChessBase"]
[SourceDate "2004.11.15"]
[SourceVersion "1"]
[SourceVersionDate "2004.11.15"]
[SourceQuality "1"]

1. d4 e6 2. Nf3 Nf6 3. Bg5 d5 4. e3 Bd6 5. Nc3 c6 6. Bd3 Nbd7 7. 0-0 Qc7 8. e4 dxe4 9. Nxe4 Nxe4 10. Bxe4 h6 11. Bh4 f5 12. Bd3 g5 13. Re1 Kf7 14. Bxg5 hxg5 15. Nxg5+ Kf6 16. Nxe6 Qa5 17. Qc1 Rh5 18. Nf4 Bxf4 19. Qxf4 Qb4 20. g4 Rg5 21. Bxf5 Rxf5 22. Qxf5+ Kg7 23. Re6 Nf8 24. Qf6+ Kg8 25. Re7 1-0

[Event "ESP-ch Seniors"]
[Site "Mallorca"]
[Date "2004.10.14"]
[Round "3"]
[White "Anguera Maestro, Jaime"]
[Black "Pomar Mir, Francisco"]
[Result "1-0"]
[WhiteElo "2161"]
[BlackElo "1960"]
[PlyCount "51"]
[EventDate "2004.10.12"]
[EventType "swiss"]
[EventRounds "9"]
[EventCountry "ESP"]
[SourceTitle "EXT 2005"]
[Source "ChessBase"]
[SourceDate "2004.11.15"]
[SourceVersion "1"]
[SourceVersionDate "2004.11.15"]
[SourceQuality "1"]

1. d4 e6 2. c4 Nf6 3. Nf3 Bb4+ 4. Bd2 Qe7 5. e3 0-0 6. Bd3 Bxd2+ 7. Nbxd2 d6 8. 0-0 e5 9. e4 c5 10. d5 Na6 11. a3 Nh5 12. g3 g6 13. Re1 Bg4 14. Be2 f5 15. exf5 gxf5 16. Nh4 Bxe2 17. Qxe2 Nf4 18. gxf4 Qxh4 19. fxe5 Rae8 20. e6 Rf6 21. Kh1 Rh6 22. Rg1+ Kh8 23. Rg2 Nc7 24. Rag1 b5 25. b3 a5 26. Nf3 1-0

[Event "ESP-ch Seniors"]
[Site "Calvia"]
[Date "2003.12.07"]
[Round "7.4"]
[White "Pomar Mir, Francisco"]
[Black "Bautista Sanchez, Joan"]
[Result "0-1"]
[WhiteElo "1959"]
[BlackElo "2247"]
[PlyCount "84"]
[EventDate "2003.12.01"]
[EventType "swiss"]
[EventRounds "8"]
[EventCountry "ESP"]
[SourceTitle "EXT 2005"]
[Source "ChessBase"]
[SourceDate "2004.11.15"]
[SourceVersion "1"]
[SourceVersionDate "2004.11.15"]
[SourceQuality "1"]

1. e4 c6 2. d4 d5 3. f3 e6 4. Nh3 dxe4 5. fxe4 e5 6. dxe5 Qa5+ 7. Qd2 Qxe5 8. Qf4 Bd6 9. Qxe5+ Bxe5 10. Nf4 Nf6 11. Bd3 Nbd7 12. 0-0 Nc5 13. Nc3 Ne6 14. Nxe6 Bxe6 15. Ne2 0-0-0 16. Nf4 Rhe8 17. Nxe6 Rxe6 18. Bc4 Re7 19. c3 Nxe4 20. Be3 Nd6 21. Bc5 f6 22. Bd3 Kc7 23. g3 h6 24. Rf3 Red7 25. Raf1 Nf7 26. Bf5 Rd2 27. Be7 Re8 28. Ba3 Bd6 29. Bg6 Bxa3 30. bxa3 Ree2 31. R3f2 Ne5 32. Bh5 Rxf2 33. Rxf2 Rd5 34. Rb2 Nc4 35. Re2 Nxa3 36. Bf7 Re5 37. Rb2 Nb5 38. Rb3 Rc5 39. c4 Nd6 40. Re3 Re5 41. Rxe5 fxe5 42. Be6 Kb6 0-1

[Event "Mallorca-ch 0102 Preferente"]
[Site "Palma de Mallorca"]
[Date "2001.10.27"]
[Round "3"]
[White "Bellon Lopez, Jose Maria"]
[Black "Pomar Mir, Francisco"]
[Result "1/2-1/2"]
[WhiteElo "2118"]
[BlackElo "2054"]
[PlyCount "92"]
[EventDate "2001.10.06"]
[EventType "swiss"]
[EventRounds "7"]
[EventCountry "ESP"]
[SourceTitle "EXT 2003"]
[Source "ChessBase"]
[SourceDate "2002.11.25"]
[SourceVersion "1"]
[SourceVersionDate "2002.11.25"]
[SourceQuality "1"]

1. d4 e6 2. Nf3 c5 3. c3 Nf6 4. Bg5 d5 5. e3 Be7 6. Nbd2 0-0 7. h4 cxd4 8. exd4 Nbd7 9. Qc2 Re8 10. Bxf6 Bxf6 11. Ng5 g6 12. f4 Qc7 13. g3 Bxd4 14. h5 Nf8 15. hxg6 hxg6 16. Bd3 Bf6 17. Ndf3 e5 18. 0-0-0 e4 19. Bb5 Rd8 20. Nd4 a6 21. Ba4 b5 22. Bb3 Bg4 23. Qh2 Bxd1 24. Kxd1 Rac8 25. Nc2 a5 26. a3 Bg7 27. Qh3 Qe7 28. Ke2 Rc7 29. Rd1 Rcd7 30. Ne3 Qc5 31. f5 Qe7 32. Qg4 Bh6 33. Nh3 Bxe3 34. Kxe3 Kg7 35. Nf4 Nh7 36. fxg6 Qg5 37. Qxg5 Nxg5 38. gxf7 Rxf7 39. Bxd5 Rfd7 40. Rd4 Kf6 41. Bc6 Rxd4 42. cxd4 b4 43. axb4 axb4 44. Nd5+ Kf5 45. b3 Kg4 46. Nf6+ Kf5 1/2-1/2

[Event "Mallorca-ch 0102 Preferente"]
[Site "Palma de Mallorca"]
[Date "2001.10.06"]
[Round "1"]
[White "Planas Gene, Juan"]
[Black "Pomar Mir, Francisco"]
[Result "0-1"]
[WhiteElo "2208"]
[BlackElo "2054"]
[PlyCount "80"]
[EventDate "2001.10.06"]
[EventType "swiss"]
[EventRounds "7"]
[EventCountry "ESP"]
[SourceTitle "EXT 2003"]
[Source "ChessBase"]
[SourceDate "2002.11.25"]
[SourceVersion "1"]
[SourceVersionDate "2002.11.25"]
[SourceQuality "1"]

1. d4 e6 2. c4 Nf6 3. Nc3 Bb4 4. e3 c5 5. Bd3 0-0 6. Nf3 Nc6 7. 0-0 Bxc3 8. bxc3 d6 9. e4 e5 10. Bg5 h6 11. Bh4 Bg4 12. h3 Bxf3 13. Qxf3 cxd4 14. cxd4 Nxd4 15. Qe3 g5 16. Bg3 Nh5 17. Rab1 b6 18. Bh2 Nf4 19. g3 Nxd3 20. Qxd3 Qd7 21. f4 Qxh3 22. fxg5 Rae8 23. Rf6 Re6 24. Rbf1 h5 25. Rxe6 fxe6 26. Rxf8+ Kxf8 27. Qe3 Qg4 28. Kg2 Kg7 29. Bg1 Qe2+ 30. Qxe2 Nxe2 31. Be3 Nc3 32. Kf3 Nxa2 33. Bd2 a5 34. Ke2 Nb4 35. Kd1 Kg6 36. Be3 Na6 37. Bxb6 Kxg5 38. Bxa5 Kg4 39. Bd8 Nc5 40. Bc7 Nxe4 0-1

[Event "Mallorca-ch pref"]
[Site "Palma de Mallorca"]
[Date "2000.11.18"]
[Round "5"]
[White "March Morla, David"]
[Black "Pomar Mir, Francisco"]
[Result "1-0"]
[WhiteElo "2140"]
[BlackElo "2027"]
[PlyCount "101"]
[EventDate "2000.??.??"]
[EventType "swiss"]
[EventRounds "8"]
[EventCountry "ESP"]
[SourceTitle "EXT 2003"]
[Source "ChessBase"]
[SourceDate "2002.11.25"]
[SourceVersion "1"]
[SourceVersionDate "2002.11.25"]
[SourceQuality "1"]

1. e4 e6 2. d3 d5 3. Nd2 Nf6 4. Ngf3 c5 5. g3 Nc6 6. Bg2 Be7 7. 0-0 dxe4 8. dxe4 e5 9. c3 0-0 10. Qc2 Qc7 11. Nc4 Be6 12. Ne3 Rad8 13. Ng5 Bc8 14. Nd5 Qb8 15. Nxe7+ Nxe7 16. f4 c4 17. Kh1 Rd3 18. fxe5 Ng4 19. Bf4 Nxe5 20. Rad1 Bg4 21. Bf3 Bxf3+ 22. Nxf3 N7g6 23. Nxe5 Nxe5 24. Rxd3 cxd3 25. Bxe5 dxc2 26. Bxb8 Rxb8 27. Rc1 Re8 28. Rxc2 Rxe4 29. Rd2 f5 30. Kg2 Kf7 31. Rd7+ Re7 32. Rxe7+ Kxe7 33. Kf3 g5 34. Ke3 Kd6 35. Kd4 h5 36. c4 h4 37. b4 hxg3 38. hxg3 b6 39. a3 f4 40. gxf4 gxf4 41. Ke4 f3 42. Kxf3 Ke5 43. Ke3 a6 44. Kd3 Ke6 45. Kd4 Kd6 46. Ke4 Ke6 47. c5 bxc5 48. bxc5 a5 49. a4 Ke7 50. Kd5 Kd7 51. c6+ 1-0